000
00273nam a22001097a 4500
082
_a
629.1 GUI'L
100
_a
LEONDER, CORELIUS T
_9
57051
245
_a
GUIDANCE AND CONTROL OF AEROSPACE VEHICLES
260
_a
NEWYORK
_b
MCGRAW HILL
_c
1963
300
_a
IX,610P
942
_c
BK
999
_c
567359
_d
567359